000
00345nam a2200157Ia 4500
100
_a
Navet/Nicolas
650
_a
Handbook
942
_c
RB
366
_f
20
654
_a
embedded systems
245
_a
Automotive embedded systems Handbook
260
_b
CRC Press
_c
2009
082
_a
3.3
_b
NAV
546
_a
ENGLISH
_c
Info.Tech
999
_c
28019
_d
28019